| 000 | 00690nam a2200241Ia 4500 | ||
|---|---|---|---|
| 003 | OSt | ||
| 005 | 20220927105746.0 | ||
| 006 | a|||||r|||| 00| 0 | ||
| 007 | ta | ||
| 008 | 220926b |||||||| |||| 00| 0 eng d | ||
| 020 | _a9781137034038 | ||
| 024 | _a203642 | ||
| 037 | _cReference Collections | ||
| 040 |
_aRTL _cRTL _beng |
||
| 041 |
_2eng _aeng |
||
| 082 | _a"X:77-75, Q2" | ||
| 100 |
_aAOKI Masahiko Ed. _9374782 |
||
| 245 | 0 | _aInstitutions and Corporative economic development | |
| 260 |
_aNew _b"York, Palgrave Macmillan, " _c2015 |
||
| 300 |
_a"xix, 345p." _ccm. |
||
| 942 |
_h"X:77-75, Q2" _cCC |
||
| 999 |
_c694442 _d694442 |
||